| 000 | 00863nam a22002177a 4500 | ||
|---|---|---|---|
| 999 |
_c20334 _d20334 |
||
| 003 | AR-CdUCM | ||
| 008 | 190529b ||||| |||| 00| 0 spa d | ||
| 040 |
_aMUNICIPALIDAD PROVINCIAL DEL CUSCO _cBIBLIOTECA MUNICIPAL DEL CUSCO |
||
| 082 |
_a339.3 / _bF39 |
||
| 100 |
_aFerrero Romulo A. _942513 |
||
| 245 |
_aEstudio económico de la legislación social Peruana : _bY sugerencias para su mejoramiento / |
||
| 260 |
_aLima : _bSantiago Valverde, _c1957. |
||
| 300 |
_a176 páginas ; _bGráficos, _c25 cm. |
||
| 505 | _aContenido : La economía nacional analizada a través de la renta nacional -- Evolución de la renta nacional desde el año 1942 -- Efectos económicos... | ||
| 650 |
_aRenta Nacional _94144 |
||
| 650 |
_aPerú _935 |
||
| 650 |
_aEvolución de la renta _942514 |
||
| 700 |
_aAltmeyer, Arthur J. _942515 |
||
| 942 |
_2ddc _cLIBROS |
||
| 945 | _arcc | ||